000 00992nam a22002778a 4500
005 20081024151836.0
008 080626s2008 cau 000 0 eng
010 _aENG-91769
020 _a9780070087705
_c299.00
020 _a0070087709
_c299.00
035 _aEN-75302
037 _bDBAD / PUb
040 _adpl
_bEnglish
082 _a006.3
100 _aRich, Elaine
245 _aArtificial intelligence /
_cby Elaine Rich, Kevin Knight [and] Shivashankar B. Nair
250 _a3rd ed
260 _aNew Delhi
_bTata McGraw-Hill,
_c2009
300 _axviii, 568p.
_c25cm (pbk)
500 _aIncludes bibliographical references and index
650 _aArtificial intelligence
700 _aKnight, Kevin
700 _aNair, Shivashankar B.
942 _2ddc
_cEN
_mRIC
_h006.3
999 _c19019
_d19019